=LDR 00000nam 2200000 4500 =001 INLIS000000000003540 =005 20250317013058 =035 ##$$a 0010-0325000256 =007 ta =008 250317################g##########e#ind## =082 ##$$a 362.12 =084 ##$$a 362.12 BKK p =245 1#$$a Pedoman Pendamping Kelompok UPKKS Oleh Lembaga Pengembangan Swadaya Masyarakat (LPSM) /$c BKKBN =260 ##$$a Jakarta :$b BKKBN,$c 2000 =300 ##$$a iii, 30 ; $c 15,3 cm =650 #4$$a Keluarga Berencana =110 #$$a BKKBN =520 ##$$a Buku ini berisi tentang Pedoman Pendamping Kelompok UPKKS Oleh Lembaga Pengembangan Swadaya Masyarakat (LPSM) =856 ##$$a Perpustakaan UPT Balai Diklat KKB Jember